The Legend of Sleepy Hollow and other Selections

Tallennettuna:
Bibliografiset tiedot
Päätekijä: Irving, Washington
Aineistotyyppi: Kirja
Kieli:Undetermined
Julkaistu: New York, Estados Unidos WashingtonSquare Press 1966
Aiheet:
Tagit: Lisää tagi
Ei tageja, Lisää ensimmäinen tagi!

MARC

LEADER 00000nam a2200000Ia 4500
008 170316s9999 xx 000 0 und d
090 |a 810 I-2L 
100 |a Irving, Washington 
245 4 |a The Legend of Sleepy Hollow and other Selections 
260 |a New York, Estados Unidos 
260 |b WashingtonSquare Press 
260 |c 1966 
300 |a 265 páginas 
650 |a LITERATURA ESTADOUNIDENSE 
999 |c 21176  |d 21176 
040 |a cru BVZT 
942 |c 15 D  |h 810 I-2L  |2 z